Old Testament theology : (Record no. 8032)

MARC details
000 -LEADER
fixed length control field 00891cam a22002658a 4500
001 - CONTROL NUMBER
control field 17480972
003 - CONTROL NUMBER IDENTIFIER
control field GBCCL
005 - DATE AND TIME OF LATEST TRANSACTION
control field 20241126110642.0
008 - FIXED-LENGTH DATA ELEMENTS--GENERAL INFORMATION
fixed length control field 121001s2012 ilu b 001 0 eng
010 ## -
-- 2012038730
020 ## - INTERNATIONAL STANDARD BOOK NUMBER
International Standard Book Number 9780830839926 (pbk. : alk. paper)
040 ## - CATALOGING SOURCE
Original cataloging agency DLC
Transcribing agency DLC
042 ## -
-- pcc
050 00 -
-- BS1192.5
-- .R68 2012
082 00 - DEWEY DECIMAL CLASSIFICATION NUMBER
Classification number 230.0411
Edition information 23
Item number ROU
100 1# - MAIN ENTRY--PERSONAL NAME
Personal name Routledge, Robin.
9 (RLIN) 14021
245 10 - TITLE STATEMENT
Title Old Testament theology :
Remainder of title a thematic approach /
Statement of responsibility, etc. Robin Routledge.
260 ## - PUBLICATION, DISTRIBUTION, ETC.
Place of publication, distribution, etc. Downers Grove, IL :
Name of publisher, distributor, etc. IVP Academic,
Date of publication, distribution, etc. 2012.
300 ## - PHYSICAL DESCRIPTION
Extent 384 p. ;
Dimensions 23 cm.
504 ## - BIBLIOGRAPHY, ETC. NOTE
Bibliography, etc. note Includes bibliographical references and indexes.
630 00 - SUBJECT ADDED ENTRY--UNIFORM TITLE
Uniform title Bible.
Name of part/section of a work Old Testament
General subdivision Theology.
9 (RLIN) 2493
906 ## - LOCAL DATA ELEMENT F, LDF (RLIN)
a 7
b cbc
c orignew
d 1
e ecip
f 20
g y-gencatlg
942 ## - ADDED ENTRY ELEMENTS (KOHA)
Source of classification or shelving scheme Dewey Decimal Classification
Koha item type Books
Koha issues (borrowed), all copies 10
Holdings
Withdrawn status Lost status Source of classification or shelving scheme Damaged status Not for loan Home library Current Library Shelving location Date acquired Source of acquisition Cost, normal purchase price Total checkouts Full call number Barcode Date last seen Date last checked out Copy number Cost, replacement price Price effective from Koha item type
    Dewey Decimal Classification     GRACE BIBLE COLLEGE GRACE BIBLE COLLEGE Theology 2019-05-14 13 1837.00 10 230.0411 ROU 014935 2025-05-01 2024-09-26 c.1 1837.00 2019-05-14 Books
© Grace Bible College Library 2025